عرض عادي
عرض مارك
- Martin, Alan D.
مدخل إسم شخص
001 - رقم الضبط
- حقل الضبط: 56364
003 - معرف رقم الضبط
- حقل الضبط: OSt
005 - تاريخ ووقت أخر عملية
- حقل الضبط: 20160827130500.0
008 - عناصر بيانات ثابتة الطول
- حقل تحكم ثابت الطول: 160827|| aca||aabn | a|a d
040 ## - مصدر الفهرسة
- هيئة الفهرسة الأصلية: OSt
- وكالة الكتابة: OSt
100 ## - مدخل -- أسم شخص
- إسم شخص: Martin, Alan D.
- الشكل الكامل للاسم: (Alan Douglas)
670 ## - بيانات المصدر موجوده
- الاستشهاد بالمصدر: Work cat.: (OSt)0: Halzen, F. (Francis) 56361, Quarks and leptons :, c1984.
